Kliknij powiaty województwa zachodniopomorskiego na mapie - Statystyki

Ogólne statystyki
  • Ten quiz został rozwiązany 1 925 razy
  • Średni wynik to 13 z 21
Odpowiedzi na mapie
Odpowiedzi zakodowano w zielono-czerwonej skali na mapie do tego quizu, zgodnie z poniższymi procentami.
 
Statystyki odpowiedzi
Odpowiedź % Poprawnych
Szczecin
86%
koszaliński
85%
Świnoujście
84%
Koszalin
82%
kołobrzeski
75%
stargardzki
70%
goleniowski
68%
policki
68%
sławieński
66%
kamieński
64%
wałecki
62%
gryfiński
59%
myśliborski
57%
gryficki
54%
pyrzycki
54%
szczecinecki
53%
białogardzki
52%
choszczeński
52%
łobeski
52%
świdwiński
52%
drawski
51%
Nie znaleziono quizów pasujących do podanych kryteriów
Rozkład punktacji
Procent ludzi z każdym wynikiem
Percentyl według liczby udzielonych odpowiedzi
Twoja historia wyników
Nie rozwiązałeś tego quizu